<?xml version="1.0" encoding="UTF-8"?>
<record
    xmlns:xsi="http://www.w3.org/2001/XMLSchema-instance"
    xsi:schemaLocation="http://www.loc.gov/MARC21/slim http://www.loc.gov/standards/marcxml/schema/MARC21slim.xsd"
    xmlns="http://www.loc.gov/MARC21/slim">

  <leader>00340pam a2200145 a 4500</leader>
  <datafield tag="020" ind1=" " ind2=" ">
    <subfield code="c"></subfield>
  </datafield>
  <datafield tag="041" ind1=" " ind2=" ">
    <subfield code="h"></subfield>
  </datafield>
  <datafield tag="082" ind1=" " ind2=" ">
    <subfield code="a">510</subfield>
    <subfield code="b">RAN</subfield>
  </datafield>
  <datafield tag="100" ind1=" " ind2=" ">
    <subfield code="a">Ranganath, G.K.</subfield>
  </datafield>
  <datafield tag="245" ind1=" " ind2=" ">
    <subfield code="a">A Text Book Of Business Mathematics</subfield>
    <subfield code="h">Textual Documents</subfield>
  </datafield>
  <datafield tag="260" ind1=" " ind2=" ">
    <subfield code="a">Mumbai</subfield>
    <subfield code="b">Himalay Publishing House</subfield>
  </datafield>
  <datafield tag="300" ind1=" " ind2=" ">
    <subfield code="a">331/CB</subfield>
  </datafield>
  <datafield tag="700" ind1=" " ind2=" ">
    <subfield code="a">Rajaram, S.</subfield>
  </datafield>
  <datafield tag="930" ind1=" " ind2=" ">
    <subfield code="a">4868</subfield>
  </datafield>
  <datafield tag="999" ind1=" " ind2=" ">
    <subfield code="c">111698</subfield>
    <subfield code="d">111698</subfield>
  </datafield>
  <datafield tag="952" ind1=" " ind2=" ">
    <subfield code="0">0</subfield>
    <subfield code="1">0</subfield>
    <subfield code="4">0</subfield>
    <subfield code="7">0</subfield>
    <subfield code="8">General</subfield>
    <subfield code="a">AKS</subfield>
    <subfield code="b">AKS</subfield>
    <subfield code="c">AKS-MBA-CIR-Rack-11</subfield>
    <subfield code="d">1991-04-05</subfield>
    <subfield code="e">Popular Book House</subfield>
    <subfield code="g">125.00</subfield>
    <subfield code="l">5</subfield>
    <subfield code="o">510 RAN</subfield>
    <subfield code="p">AKS-M-05824</subfield>
    <subfield code="r">2024-03-07 00:00:00</subfield>
    <subfield code="s">2024-02-29</subfield>
    <subfield code="t">5</subfield>
    <subfield code="w">2023-03-01</subfield>
    <subfield code="y">BK</subfield>
  </datafield>
  <datafield tag="952" ind1=" " ind2=" ">
    <subfield code="0">0</subfield>
    <subfield code="1">0</subfield>
    <subfield code="4">0</subfield>
    <subfield code="7">0</subfield>
    <subfield code="8">General</subfield>
    <subfield code="a">AKS</subfield>
    <subfield code="b">AKS</subfield>
    <subfield code="c">AKS-MBA-CIR-Rack-22</subfield>
    <subfield code="d">1991-04-05</subfield>
    <subfield code="e">Popular Book House</subfield>
    <subfield code="g">125.00</subfield>
    <subfield code="l">0</subfield>
    <subfield code="o">510 RAN</subfield>
    <subfield code="p">AKS-M-05823</subfield>
    <subfield code="r">2023-03-01 00:00:00</subfield>
    <subfield code="t">4</subfield>
    <subfield code="w">2023-03-01</subfield>
    <subfield code="y">BK</subfield>
  </datafield>
  <datafield tag="952" ind1=" " ind2=" ">
    <subfield code="0">0</subfield>
    <subfield code="1">0</subfield>
    <subfield code="4">0</subfield>
    <subfield code="7">0</subfield>
    <subfield code="8">General</subfield>
    <subfield code="a">AKS</subfield>
    <subfield code="b">AKS</subfield>
    <subfield code="c">AKS-MBA-CIR-Rack-11</subfield>
    <subfield code="d">1991-04-05</subfield>
    <subfield code="e">Popular Book House</subfield>
    <subfield code="g">125.00</subfield>
    <subfield code="l">0</subfield>
    <subfield code="o">510 RAN</subfield>
    <subfield code="p">AKS-M-05822</subfield>
    <subfield code="r">2023-03-01 00:00:00</subfield>
    <subfield code="t">3</subfield>
    <subfield code="w">2023-03-01</subfield>
    <subfield code="y">BK</subfield>
  </datafield>
  <datafield tag="952" ind1=" " ind2=" ">
    <subfield code="0">0</subfield>
    <subfield code="1">0</subfield>
    <subfield code="4">0</subfield>
    <subfield code="7">0</subfield>
    <subfield code="8">General</subfield>
    <subfield code="a">AKS</subfield>
    <subfield code="b">AKS</subfield>
    <subfield code="c">AKS-MBA-CIR-Rack-11</subfield>
    <subfield code="d">1991-04-05</subfield>
    <subfield code="e">Popular Book House</subfield>
    <subfield code="g">125.00</subfield>
    <subfield code="l">1</subfield>
    <subfield code="o">510 RAN</subfield>
    <subfield code="p">AKS-M-05821</subfield>
    <subfield code="r">2025-09-08 00:00:00</subfield>
    <subfield code="s">2025-08-30</subfield>
    <subfield code="t">2</subfield>
    <subfield code="w">2023-03-01</subfield>
    <subfield code="y">BK</subfield>
  </datafield>
  <datafield tag="952" ind1=" " ind2=" ">
    <subfield code="0">0</subfield>
    <subfield code="1">0</subfield>
    <subfield code="4">0</subfield>
    <subfield code="7">0</subfield>
    <subfield code="8">General</subfield>
    <subfield code="a">AKS</subfield>
    <subfield code="b">AKS</subfield>
    <subfield code="c">AKS-MBA-Old Library (Stack)-35</subfield>
    <subfield code="d">1991-04-05</subfield>
    <subfield code="e">Popular Book House</subfield>
    <subfield code="g">125.00</subfield>
    <subfield code="l">0</subfield>
    <subfield code="o">510 RAN</subfield>
    <subfield code="p">AKS-M-02396</subfield>
    <subfield code="r">2023-03-01 00:00:00</subfield>
    <subfield code="t">1</subfield>
    <subfield code="w">2023-03-01</subfield>
    <subfield code="y">BK</subfield>
  </datafield>
</record>
